banner-ar

حكايات خالدة : (Record no. 10049)

MARC details
000 -الفاتح
حقل البيانات ثابتة الطول 00869nam a2200169Ia 4500
008 - عناصر البيانات ثابتة الطول - معلومات عامة
حقل البيانات ثابتة الطول 140319s9999 xx 000 0 ara d
040 ## - مصدر الفهرسة
وكالة الفهرسة الأصلية GCL /
وكالة النسخ GCL
082 04 - رقم تصنيف ديوى العشرى
رقم التصنيف ط
رقم المادة 823.02
-- د ح
245 10 - بيان العنوان
العنوان حكايات خالدة :
بقية العنوان سندريللا-عقلة الاصبع-فرخ البط القبيح-جندى الرصاص الصغير-الحسناء والوحش-الموسيقيونالاربعة-ذات القبعة الحمراء-بيضاء الثلج والاقزام السبعة-بيتر بان-القط ذو الحذاء-بوسيت الصغيرة-حسناء الغابة النائمة
260 ## - PUBLICATION, DISTRIBUTION, ETC. (IMPRINT)
تاريخ النشر أو التوزيع 2004
300 ## - الوصف المادى
التعداد ؛
أبعاد الوعاء 28 سم
650 04 - المدخل الاضافى بالموضوع-مصطلح موضوعى
مصطلح موضوعي القصص القصيرة
650 04 - المدخل الاضافى بالموضوع-مصطلح موضوعى
مصطلح موضوعي قصص الاطفال
650 04 - المدخل الاضافى بالموضوع-مصطلح موضوعى
مصطلح موضوعي القصص العالمية القصيرة المترجمة
942 ## - عناصر المدخل الإضافي( كوها)
مصدر التصنيف او مخطط الترفيف Dewey Decimal Classification
Koha [default] item type كتاب
260 ## - PUBLICATION, DISTRIBUTION, ETC. (IMPRINT)
-- سوريا :
-- دار ربيع للنشر ،
Holdings
حالة التراجع حالة الفقد حالة تلف ليس للاعارة المكان المؤقت الموقع الحالى تاريخ الاكتساب اجمالي اﻻعارات رقم الطلب الباركود تاريخ اخر مشاهدة تاريخ تفعيل السعر نوع وعاء كوها
        مكتبة القاهرة الكبرى مكتبة القاهرة الكبرى 03/26/2014   ط\823.02\د ح 20589 03/26/2014 03/26/2014 كتاب

Powered By

EGPV